000 00487nam a2200241Ia 4500
001 067424
003 YMCAF
005 20230512160432.0
008 100717s1978 ||||||||||||||||| ||und|d
020 _a-
024 _a67424
035 _a6887
040 _aYMCAF
_beng
_cIN-KoLT
041 _aeng
100 _aT.T.P. LAHORE
245 0 _aELECTRO WESTERMAN TABLES
250 _a-
260 _bLAHORE
_c1978
300 _a102
653 _a-
653 _a-
942 _2ddc
_cBK
999 _c4477
_d4477